Színtelen és szagtalan védelmi minisztérium: felemás kivonulás Irakból

Bibliographic Details
Format: Article
Language:Hungarian
Subjects:

MARC

LEADER 00000nab a2200000 ar4500
001 vtls009083903
003 SK-MaSNL
005 20260319074213.0
008 070704c20070704xo |||||||| 000 b|hun
015 |a SNBRB2007/07  |2 snkbucl 
038 |a SNKBUCL 
040 |a DSZK  |b slo  |c DSZK  |e AACR2 
041 0 |a hun 
044 |a xo  |c SK 
080 |a 354.61  |x (437.6)  |2 1997 
245 0 0 |a Színtelen és szagtalan  |b védelmi minisztérium: felemás kivonulás Irakból  |c [szerző] (dem) 
300 |b Fotogr. 
600 1 7 |a Kašický, František,  |d 1968-  |2 snkbucl  |9 11519 
610 1 7 |a Slovensko.  |b Ministerstvo obrany  |2 snkbucl  |9 114952 
773 0 |t Új szó  |g Évf. 60, sz. 153 (4.7.2007), o. 6 
852 |a SNK  |b KIS3GCP 
852 |a DSZK  |b KIS3GCP 
958 |a HU 
958 |a SK 
999 |c 1700421  |d 1702351